000 00512nam a2200181Ia 4500
005 20250326143726.0
008 250326s9999 xx 000 0 und d
037 _aTextbook
040 _aFMSL
_beng
_cFMSL
041 _aeng
_2eng
084 _aX:74obD658(2:55) P1
_qFMSL
100 _aSegil L
_9741878
245 0 _aFasalliances power your e-business
_cSegil L
260 _aNY
_bNY, John Wiley
_c2001
300 _a310p
942 _cTB
_hX:74obD658(2:55) P1
999 _c1300753
_d1300753